| 000 | 01294nam a2200301 a 4500 | ||
|---|---|---|---|
| 001 | 000006460 | ||
| 003 | DO-SdBNP | ||
| 005 | 20221115113515.0 | ||
| 007 | 000006460 | ||
| 008 | 090831s2007 dr c 001 0 spa d | ||
| 020 | _a9789945161083 | ||
| 040 |
_aBPMSU _bspa _cBPMSU |
||
| 082 |
_a972.93054 _bC111f, 2007 |
||
| 245 | 0 | 0 |
_aCaamaño frente a la O.E.A. : _bactas de las reuniones del gobierno constitucional que encabezó el presidente constitucional Francisco Alberto Caamaño Deñó, con la Comisión de la O.E.A. y otros documentos relativos a la Guerra Patria de Abril 1965 |
| 250 | _a2a ed. | ||
| 260 |
_aSanto Domingo : _bComisión Permanente de Efemérides Patrias, _c2007. |
||
| 300 |
_a326 p. : _bretrs. ; _c23 cm. |
||
| 490 | 0 |
_aPublicaciones de la Comisión Permanente de Efemérides Patrias 2004-2007, _v19 |
|
| 590 | _6Inventariado, 2022/VM | ||
| 600 | 1 | 4 |
_aCaamaño, Deño Francisco Alberto _d1932-1973 |
| 610 | 2 | _aOrganización de los Estados Americanos | |
| 650 | 4 |
_aGuerrillas _zRepública Dominicana |
|
| 651 | 4 |
_aRepública Dominicana _xHistoria _yOcupación Norteamericana , 1965-1966 |
|
| 651 | 4 |
_aRepública Dominicana _xHistoria _yRevolución, 1965 |
|
| 700 | 1 |
_aCury, Jottin, _d1921-2011 _epról. |
|
| 910 | _aVMateo V. /Validado | ||
| 942 |
_2ddc _cBK |
||
| 999 |
_c8066 _d8066 |
||